[Event "DRUZYNOWE MISTRZOSTWA POLSKI - I LIGA"]
[Site "Ustron"]
[Date "1899-12-30"]
[Round "7.14"]
[White "Chylewski, Patryk"]
[Black "Janaszak, Dawid"]
[Result "1/2-1/2"]
[WhiteTitle "FM"]
[BlackTitle "FM"]
[WhiteElo "2324"]
[BlackElo "2356"]

1. d4 d5 2. c4 c6 3. cxd5 cxd5 4. Bf4 e6 5. Nc3 Bd6 6. Bxd6 Qxd6 7. e3 Nf6 8. f4
O-O 9. Nf3 b6 10. Rc1 Ba6 11. Bxa6 Nxa6 12. O-O Nc7 13. Qa4 Rfc8 14. Ne5 Nfe8
15. Rc2 f6 16. Nd3 Rd8 17. Rfc1 Qd7 18. Qxd7 Rxd7 19. Nb1 Nb5 20. Nd2 Kf7 21.
a4 Nbd6 22. g4 Rb8 23. Kg2 a5 24. Kf3 Rbb7 25. b3 Rdc7 26. h3 Rxc2 27. Rxc2 Rc7
28. Rxc7+ 1/2-1/2

[Event "DRUZYNOWE MISTRZOSTWA POLSKI - I LIGA"]
[Site "Ustron"]
[Date "1899-12-30"]
[Round "7.15"]
[White "Dudzinski, Piotr"]
[Black "Kokoszczynski, Jan"]
[Result "1-0"]
[WhiteTitle "FM"]
[BlackTitle "FM"]
[WhiteElo "2323"]
[BlackElo "2231"]

1. e4 c5 2. Nf3 d6 3. d4 cxd4 4. Nxd4 Nf6 5. Nc3 a6 6. Be2 e5 7. Nb3 Be7 8. O-O
O-O 9. Be3 Be6 10. f4 exf4 11. Bxf4 Nc6 12. Kh1 Ne5 13. Nd4 Qb6 14. Nd5 Bxd5 15.
exd5 Nfd7 16. Nf5 Bf6 17. Rb1 Rfe8 18. b3 Rac8 19. c4 g6 20. Nh6+ Kg7 21. Ng4
Nxg4 22. Bxg4 Rc7 23. Qf3 Ne5 24. Be3 Nxf3 25. Bxb6 Ne5 26. Bxc7 Nxg4 27. Bxd6
Re2 28. Bg3 h5 29. h3 h4 30. Be1 Nh6 31. d6 Nf5 32. d7 Bd8 33. b4 Rc2 34. c5 Kf8
35. Bf2 Ng7 36. Rbe1 Rd2 37. c6 b6 38. Be3 1-0

[Event "DRUZYNOWE MISTRZOSTWA POLSKI - I LIGA"]
[Site "Ustron"]
[Date "1899-12-30"]
[Round "7.16"]
[White "Praczukowski, Stanislaw"]
[Black "Dudzinski, Pawel"]
[Result "1-0"]
[WhiteTitle "k"]
[BlackTitle "FM"]
[WhiteElo "2173"]
[BlackElo "2199"]

1. e4 d5 2. exd5 Qxd5 3. Nc3 Qd8 4. d4 Nf6 5. Nf3 g6 6. Bg5 Bg7 7. Qd2 h6 8. Bf4
g5 9. Bg3 a6 10. h4 g4 11. Ne5 b5 12. Bd3 Bb7 13. O-O-O Nc6 14. Bf5 e6 15. Rhe1
Ne7 16. Bxg4 Nxg4 17. Nxg4 Bxg2 18. Be5 Nf5 19. Bxg7 Nxg7 20. Qf4 f5 21. Ne3 b4
22. Na4 Bd5 23. Nc5 O-O 24. Qxh6 f4 25. Rg1 Qf6 26. Rg6 Qxg6 27. Qxg6 fxe3 28.
fxe3 Bf3 29. Rg1 Rf7 30. Nxe6 1-0

[Event "DRUZYNOWE MISTRZOSTWA POLSKI - I LIGA"]
[Site "Ustron"]
[Date "1899-12-30"]
[Round "7.17"]
[White "Kucza, Karol"]
[Black "Redzisz, Michal"]
[Result "1-0"]
[WhiteTitle "FM"]
[BlackTitle "k"]
[WhiteElo "2285"]
[BlackElo "2164"]

1. e4 c6 2. c4 d5 3. cxd5 cxd5 4. exd5 Nf6 5. Qa4+ Nbd7 6. Nc3 g6 7. Bc4 Bg7 8.
d3 O-O 9. Nf3 a6 10. Qa3 b6 11. O-O Bb7 12. Re1 b5 13. Bb3 Re8 14. h3 Nb6 15.
d6 exd6 16. Rxe8+ Nxe8 17. Ng5 d5 18. Be3 Nf6 19. Re1 h6 20. Nf3 Bf8 21. Bc5 Nbd7
22. Bxf8 Qxf8 23. Re7 Re8 24. Rxe8 Qxe8 25. Qd6 Qe6 26. Qc7 Qb6 27. Qf4 Kg7 28.
d4 b4 29. Na4 Qe6 30. Nc5 Nxc5 31. dxc5 Ne4 32. Qc7 Bc6 33. Ne5 Bb5 34. Nxf7 Kf6
35. Qd8+ Kg7 36. Bxd5 Qf5 37. Qh8# 1-0

[Event "DRUZYNOWE MISTRZOSTWA POLSKI - I LIGA"]
[Site "Ustron"]
[Date "1899-12-30"]
[Round "7.18"]
[White "Moscicka, Pola"]
[Black "Andrejczuk, Beata"]
[Result "1/2-1/2"]
[WhiteTitle "k++"]
[BlackTitle "WFM"]
[WhiteElo "1880"]
[BlackElo "2024"]

1. d4 Nf6 2. c4 c5 3. d5 b5 4. cxb5 a6 5. f3 axb5 6. e4 d6 7. Bxb5+ Nbd7 8. Nc3
g6 9. Nge2 Bg7 10. O-O O-O 11. Kh1 Qb6 12. Be3 Ba6 13. a4 Rfb8 14. Rc1 Ne5 15.
b4 Nc4 16. Bxc4 Bxc4 17. bxc5 dxc5 18. Qd2 Nd7 19. f4 Bxc3 20. Rxc3 Rxa4 21. Rfc1
Bxe2 22. Qxe2 Rxe4 23. Qc2 Qb4 24. h3 f5 25. g4 Qb7 26. Qd3 Nf6 27. Rxc5 fxg4
28. hxg4 Qd7 29. Rg1 Reb4 30. f5 Rb3 31. Qe2 Rb2 32. Qf3 Qd6 33. Qh3 Nxd5 34.
fxg6 hxg6 35. Bd4 Nf6 36. Bxb2 Qxc5 37. Ba1 Qd5+ 38. Kh2 Qd2+ 39. Kh1 Qd5+ 40.
Kh2 Qa2+ 41. Kh1 Qa8+ 42. Kh2 Kg7 43. Qe3 Rh8+ 44. Kg3 1/2-1/2

[Event "DRUZYNOWE MISTRZOSTWA POLSKI - I LIGA"]
[Site "Ustron"]
[Date "1899-12-30"]
[Round "7.19"]
[White "Ponizil, Cyril"]
[Black "Szpar, Milosz"]
[Result "1-0"]
[WhiteTitle "IM"]
[BlackTitle "FM"]
[WhiteElo "2507"]
[BlackElo "2397"]

1. e4 c5 2. Nf3 d6 3. Bb5+ Bd7 4. Bxd7+ Qxd7 5. O-O Nf6 6. Re1 Nc6 7. c3 e6 8.
d3 Be7 9. Nbd2 O-O 10. a3 Rfd8 11. d4 cxd4 12. cxd4 b5 13. b3 Qb7 14. Nf1 d5 15.
e5 Ne4 16. Ng3 Na5 17. Bd2 Nxd2 18. Nxd2 b4 19. axb4 Qxb4 20. Ra4 Qb5 21. Nh5
Rdc8 22. h4 Rc3 23. Qg4 g6 24. Rea1 Nc6 25. Nf6+ Kg7 26. h5 Bxf6 27. exf6+ Kxf6
28. Nf3 Kg7 29. Qf4 Qb8 30. Ne5 Nxe5 31. dxe5 Qd8 32. Rxa7 Rxa7 33. Rxa7 Qf8 34.
Rd7 Kg8 35. Qg5 Rc8 36. h6 Rb8 37. g3 Ra8 38. Kg2 Rb8 39. Qf6 Ra8 40. b4 Rb8 41.
b5 Rc8 42. b6 Rb8 43. b7 Re8 44. Rc7 1-0

[Event "DRUZYNOWE MISTRZOSTWA POLSKI - I LIGA"]
[Site "Ustron"]
[Date "1899-12-30"]
[Round "7.20"]
[White "Mis, Mieszko"]
[Black "Paszewski, Mateusz"]
[Result "1/2-1/2"]
[WhiteTitle "FM"]
[BlackTitle "FM"]
[WhiteElo "2350"]
[BlackElo "2275"]

1. d4 d5 2. c4 c6 3. Nc3 Nf6 4. Nf3 e6 5. cxd5 exd5 6. Qc2 g6 7. Bg5 Be7 8. e4
dxe4 9. Bxf6 Bxf6 10. Qxe4+ Kf8 11. Bc4 Kg7 12. O-O Re8 13. Qf4 Be6 14. Bxe6 Rxe6
15. Rfe1 Qd6 16. Qxd6 Rxd6 17. Ne4 Rd8 18. Nc5 b6 19. Nb3 c5 20. dxc5 Bxb2 21.
Rab1 Bf6 22. Rec1 1/2-1/2

[Event "DRUZYNOWE MISTRZOSTWA POLSKI - I LIGA"]
[Site "Ustron"]
[Date "1899-12-30"]
[Round "7.21"]
[White "Ciesla, Adam"]
[Black "Kozak, Antoni"]
[Result "0-1"]
[WhiteTitle "m"]
[BlackTitle "m"]
[WhiteElo "2294"]
[BlackElo "2347"]

1. e4 c6 2. d4 d5 3. Nd2 dxe4 4. Nxe4 Nf6 5. Nxf6+ exf6 6. c3 Bd6 7. Bd3 O-O 8.
Qc2 Re8+ 9. Ne2 f5 10. Bd2 Na6 11. O-O-O Be6 12. Kb1 Qa5 13. c4 Qd8 14. a3 Nc7
15. g4 g6 16. h4 fxg4 17. h5 Qf6 18. c5 Bf8 19. Bf4 Qe7 20. Bd6 Qd7 21. Ng3 Bd5
22. hxg6 fxg6 23. Be5 Bg7 24. Ne4 Bxe4 25. Bxe4 Bxe5 26. dxe5 Nd5 27. Rh6 Rxe5
28. Rdh1 Nf4 29. Qc4+ Qe6 30. Qxe6+ Rxe6 31. Rxh7 Rae8 32. Rh8+ Kg7 33. R8h7+
Kf6 34. Bc2 Re1+ 35. Rxe1 Rxe1+ 36. Ka2 Re7 37. Rh8 Re2 38. Bd1 Rxf2 39. Bxg4
Kg5 40. Bc8 Nd3 41. Ka1 Rxb2 42. Rh7 Rb3 43. Bxb7 Rxa3+ 44. Kb1 Ne5 45. Rc7 Ra5
46. Ba8 Rb5+ 47. Ka2 a5 48. Ka3 Rxc5 49. Ka4 Kf4 50. Rc8 g5 51. Rf8+ Ke4 52. Bb7
g4 53. Ba6 g3 54. Bf1 Ke3 55. Rf5 Nd3 56. Rf6 Nf4 57. Rf7 Rc1 0-1

[Event "DRUZYNOWE MISTRZOSTWA POLSKI - I LIGA"]
[Site "Ustron"]
[Date "1899-12-30"]
[Round "7.22"]
[White "Chyzy, Jakub"]
[Black "Tomaszewski, Roman"]
[Result "1-0"]
[WhiteTitle "FM"]
[BlackTitle "IM"]
[WhiteElo "2249"]
[BlackElo "2206"]

1. e4 c6 2. d4 d5 3. e5 Bf5 4. Nf3 e6 5. a3 Nd7 6. Be2 Ne7 7. O-O Nc8 8. b3 c5
9. c4 dxc4 10. Bxc4 Ncb6 11. d5 exd5 12. Bxd5 Nxd5 13. Qxd5 Qb6 14. Ng5 Be6 15.
Nxe6 fxe6 16. Qf3 Nxe5 17. Qh5+ Ng6 18. Bg5 Bd6 19. Nd2 O-O 20. Nc4 Qc6 21. Rad1
Bc7 22. Rfe1 b5 23. Nd2 Nf4 24. Bxf4 Rxf4 25. Nf3 h6 26. Ne5 Bxe5 27. Qxe5 Raf8
28. Rd6 Qc8 29. f3 R4f6 30. Rc1 Rf5 31. Qe4 Qe8 32. Rxe6 Qf7 33. Rd1 Rc8 34. Re7
Qf6 35. h4 Rf4 36. Rxg7+ Kxg7 37. Qb7+ Kg6 38. Qxc8 Rxh4 39. Qg8+ Kf5 40. Rd5+
Kf4 41. Qb8+ Ke3 42. Qe8+ Kf4 43. Qe4+ Kg3 44. Qe1+ Kf4 45. g3+ 1-0

[Event "DRUZYNOWE MISTRZOSTWA POLSKI - I LIGA"]
[Site "Ustron"]
[Date "1899-12-30"]
[Round "7.23"]
[White "Kaliszuk, Kamil"]
[Black "Czernek, Tymon"]
[Result "0-1"]
[WhiteTitle "I+"]
[BlackTitle "I++"]
[WhiteElo "1962"]
[BlackElo "2267"]

1. e4 c5 2. Nf3 d6 3. d4 cxd4 4. Qxd4 Nc6 5. Qe3 Nf6 6. Be2 g6 7. O-O Bg7 8. h3
O-O 9. Rd1 Nd7 10. c4 Nc5 11. Nc3 a5 12. Bd2 Nb4 13. Rac1 Bd7 14. Nd4 f5 15. exf5
gxf5 16. f4 e5 17. fxe5 f4 18. Qf3 dxe5 19. Nb3 Bc6 20. Nd5 e4 21. Qh5 Be8 22.
Nf6+ Qxf6 23. Qxc5 b6 24. Qf2 e3 25. Bxe3 fxe3 26. Qxe3 Bc6 27. Rf1 Qg6 28. Bg4
Rfe8 29. Qxb6 Nd3 30. Rc2 Ne5 31. Bf5 Qg3 32. Rcf2 Bh6 33. Kh1 Bf4 34. Rxf4 Qxg2#
0-1

[Event "DRUZYNOWE MISTRZOSTWA POLSKI - I LIGA"]
[Site "Ustron"]
[Date "1899-12-30"]
[Round "7.24"]
[White "Wikar, Martyna"]
[Black "Lach, Aleksandra"]
[Result "1-0"]
[WhiteTitle "k++"]
[BlackTitle "WIM"]
[WhiteElo "2045"]
[BlackElo "2188"]

1. e4 c6 2. d4 d5 3. Nc3 dxe4 4. Nxe4 Nf6 5. Nxf6+ exf6 6. c3 Bd6 7. Bd3 O-O 8.
Ne2 Re8 9. Qc2 h5 10. Be3 Nd7 11. O-O-O Nf8 12. Ng3 g6 13. Ne4 f5 14. Nxd6 Qxd6
15. g3 Be6 16. c4 b5 17. d5 cxd5 18. c5 Qa6 19. Qc3 d4 20. Bxd4 Bxa2 21. b3 Qa3+
22. Kc2 Ne6 23. Bxb5 Rec8 24. b4 Qxc3+ 25. Bxc3 Nxc5 26. bxc5 Rxc5 27. Ba6 Rb8
28. Rd6 Kf8 29. Re1 Be6 30. Re5 Rc7 31. Rb5 Rxb5 32. Bxb5 Ke7 33. Ra6 g5 34. Kd3
f4 35. gxf4 gxf4 36. Be5 Bf5+ 37. Kd4 Rb7 38. Bc6 Rb4+ 39. Kc3 Rb1 40. Bxf4 Be6
41. Rxa7+ Kf6 42. Be4 Rb3+ 43. Kc2 Rb4 44. f3 h4 45. Bd6 Rc4+ 46. Kd3 Kg7 47.
Be5+ Kh6 48. Bf6 Rc8 49. Bxh4 f5 50. Bb7 Rc7 51. Ra6 Kh5 52. Rxe6 Kxh4 53. Bd5
Kg5 54. Ke3 Rc3+ 55. Kf2 Kf4 56. Rc6 Rd3 57. Rc4+ Ke5 58. Bc6 f4 59. Re4+ Kf5
60. Re2 Kg5 61. Be4 Ra3 62. Rc2 Kh4 63. Bf5 Ra5 64. Be6 Rb5 65. Bc4 Rc5 66. Bd3
Rd5 67. Ke2 Rg5 68. Be4 Rg1 69. Rc7 Rg2+ 70. Kd3 Rg8 71. Rh7+ Kg5 72. h4+ Kf6
73. Rh6+ Ke7 74. Kd4 1-0

[Event "DRUZYNOWE MISTRZOSTWA POLSKI - I LIGA"]
[Site "Ustron"]
[Date "1899-12-30"]
[Round "7.25"]
[White "Szwed, Jacek"]
[Black "Cukrowski, Filip"]
[Result "1/2-1/2"]
[WhiteTitle "FM"]
[BlackTitle "FM"]
[WhiteElo "2380"]
[BlackElo "2406"]

1. e4 e6 2. d4 d5 3. Nd2 c5 4. exd5 Qxd5 5. Ngf3 cxd4 6. Bc4 Qd7 7. O-O Nc6 8.
Nb3 a6 9. Nbxd4 Nxd4 10. Nxd4 Nf6 11. Re1 Qc7 12. Bb3 Bd6 13. Nf5 Bxh2+ 14. Kh1
O-O 15. Nxg7 Kxg7 16. Qd4 e5 17. Qh4 Ng4 18. Bh6+ Nxh6 19. Qg5+ Kh8 20. Qxh6 Qe7
21. Kxh2 f6 22. Re3 Bf5 23. Rd1 Rad8 24. Rxd8 Rxd8 25. Rg3 Be4 26. c3 Bd5 27.
Bxd5 Rxd5 28. Qh5 Qe6 29. Qh6 Qe7 30. Qh5 Qe6 31. Qh6 Qe7 1/2-1/2

[Event "DRUZYNOWE MISTRZOSTWA POLSKI - I LIGA"]
[Site "Ustron"]
[Date "1899-12-30"]
[Round "7.26"]
[White "Pacan-milej, Kosma"]
[Black "Zylka, Stanislaw"]
[Result "0-1"]
[WhiteTitle "FM"]
[BlackTitle "FM"]
[WhiteElo "2420"]
[BlackElo "2377"]

1. d4 Nf6 2. c4 g6 3. g3 Bg7 4. Bg2 d5 5. cxd5 Nxd5 6. Nf3 O-O 7. O-O Nb6 8. Nc3
Nc6 9. e3 Re8 10. Nh4 e5 11. d5 Nb4 12. Qb3 Nd3 13. Rd1 Nxc1 14. Raxc1 Bg4 15.
Bf3 Bd7 16. e4 a6 17. d6 c6 18. Be2 Be6 19. Qa3 Bf8 20. Nf3 f6 21. Rc2 a5 22.
Na4 Nxa4 23. Qxa4 Qd7 24. Bc4 b5 25. Bxe6+ Rxe6 26. Qb3 a4 27. Qc3 Rc8 28. Rcd2
Rxd6 29. Rxd6 Bxd6 30. h4 Qe7 31. h5 Bb4 32. Qc1 Kg7 33. a3 Ba5 34. hxg6 hxg6
35. Kg2 Bb6 36. Nh4 Qe6 37. Rh1 Qg4 38. Qc2 Rc7 39. Nf3 g5 40. Rd1 Qe6 41. Qd2
Kg6 42. Rh1 Rd7 43. Qe2 Rh7 44. Rxh7 Kxh7 45. Qd1 Kg6 46. Qh1 Bd4 47. Qh8 Bxb2
48. Nh2 Kf7 49. f3 Bxa3 50. Qh7+ Ke8 51. Ng4 Be7 0-1

[Event "DRUZYNOWE MISTRZOSTWA POLSKI - I LIGA"]
[Site "Ustron"]
[Date "1899-12-30"]
[Round "7.27"]
[White "Koziol, Kamil"]
[Black "Licznerski, Lukasz"]
[Result "1/2-1/2"]
[WhiteTitle "FM"]
[BlackTitle "FM"]
[WhiteElo "2296"]
[BlackElo "2377"]

1. e4 c5 2. Nf3 Nc6 3. Bb5 g6 4. Bxc6 dxc6 5. d3 Bg7 6. Nc3 e5 7. Be3 Qe7 8. h3
Nf6 9. Qd2 Nd7 10. O-O Nf8 11. a4 Ne6 12. Nh2 O-O 13. Rae1 b6 14. Ne2 a6 15. b3
b5 16. f4 exf4 17. Nxf4 Nd4 18. Ne2 Be6 19. Nf3 Nxe2+ 20. Rxe2 c4 21. bxc4 bxc4
22. d4 Qa3 23. c3 Qxa4 24. Bh6 Qa3 25. Qf4 Bxh6 26. Qxh6 f6 27. e5 f5 28. Nh4
Qe7 29. Nxg6 hxg6 30. Qxg6+ Kh8 31. Qh6+ Kg8 32. Qg6+ Kh8 33. Qh6+ Kg8 34. Qg6+
1/2-1/2

[Event "DRUZYNOWE MISTRZOSTWA POLSKI - I LIGA"]
[Site "Ustron"]
[Date "1899-12-30"]
[Round "7.28"]
[White "Godzwon, Iwo"]
[Black "Nowak, Mikolaj"]
[Result "1-0"]
[WhiteTitle "FM"]
[BlackTitle "k"]
[WhiteElo "2317"]
[BlackElo "2279"]

1. e4 d6 2. d4 Nf6 3. Nc3 e5 4. Nf3 Nbd7 5. Bc4 Be7 6. O-O Nb6 7. Be2 exd4 8. Nxd4
O-O 9. Bf4 Re8 10. Re1 Bf8 11. Bf1 c6 12. a4 a5 13. h3 Nbd7 14. Bc4 d5 15. exd5
Rxe1+ 16. Qxe1 Nb6 17. Bb3 Nfxd5 18. Nxd5 Nxd5 19. Bg3 Qf6 20. Qe4 Ne7 21. Rd1
Nf5 22. Be5 Qg6 23. Bc7 Bd7 24. Nf3 Be6 25. Bxe6 fxe6 26. Re1 Bd6 27. Bxd6 Nxd6
28. Qxg6 hxg6 29. Rxe6 Rd8 30. Rxg6 Nc4 31. b3 Rd1+ 32. Kh2 Na3 33. Rg5 Nxc2 34.
Rxa5 Rd3 35. Ng5 g6 36. Ra8+ Kg7 37. Ne6+ Kf7 38. Nc5 Rc3 39. Nxb7 Rxb3 40. Nd8+
1-0

[Event "DRUZYNOWE MISTRZOSTWA POLSKI - I LIGA"]
[Site "Ustron"]
[Date "1899-12-30"]
[Round "7.29"]
[White "Tomaszewski, Kacper"]
[Black "Kowalczyk, Pawel"]
[Result "0-1"]
[WhiteTitle "FM"]
[BlackTitle "m"]
[WhiteElo "2341"]
[BlackElo "2339"]

1. d4 Nf6 2. c4 g6 3. Nc3 Bg7 4. e4 d6 5. Nge2 O-O 6. Ng3 c5 7. d5 e6 8. Be2 exd5
9. exd5 Re8 10. O-O Nbd7 11. h3 a6 12. a4 Rb8 13. Qc2 Nf8 14. Bd3 N6d7 15. f4
Qh4 16. Nge4 Bd4+ 17. Kh2 Nf6 18. Nxf6+ Qxf6 19. Ne4 Qe7 20. Bd2 Bf5 21. Rae1
Bxe4 22. Bxe4 Qf6 23. f5 g5 24. g4 b5 25. axb5 axb5 26. cxb5 Rxb5 27. b3 Reb8
28. Rf3 Nd7 29. Kg2 Ne5 30. Rg3 h6 31. Rh1 c4 32. b4 c3 33. Bxc3 Bxc3 34. Rxc3
Rxb4 35. Rc8+ Rxc8 36. Qxc8+ Kg7 37. Rb1 Rxb1 38. Bxb1 Qe7 39. Qc3 Qb7 40. Be4
Qa6 41. Kf2 Qa2+ 42. Kg3 Qe2 43. Qb4 Qe3+ 44. Kg2 Nd7 45. Qb2+ Ne5 46. Qb4 Qf4
47. Qd4 Kf6 48. Qb4 Nxg4 49. hxg4 Ke5 50. Qb7 Qxe4+ 51. Kg3 Qf4+ 52. Kh3 Qf3+
53. Kh2 Qf2+ 0-1

[Event "DRUZYNOWE MISTRZOSTWA POLSKI - I LIGA"]
[Site "Ustron"]
[Date "1899-12-30"]
[Round "7.30"]
[White "Starosta, Martyna"]
[Black "Kucharska, Honorata"]
[Result "1-0"]
[WhiteTitle "WCM"]
[BlackTitle "WFM"]
[WhiteElo "2038"]
[BlackElo "2237"]

1. e4 d6 2. d4 Nf6 3. Nc3 e5 4. Nf3 Nbd7 5. Bc4 Be7 6. O-O O-O 7. a4 a5 8. Re1
c6 9. Ba2 Qc7 10. Nh4 exd4 11. Qxd4 Nc5 12. Nf5 Bxf5 13. exf5 d5 14. Bf4 Bd6 15.
Bxd6 Qxd6 16. Re3 Rae8 17. Rae1 Rxe3 18. Rxe3 Re8 19. Bc4 Rxe3 20. fxe3 Nce4 21.
Be2 h6 22. Nxe4 Nxe4 23. Bf3 Nf6 24. Qc3 b6 25. b3 c5 26. g3 Kf8 27. Kg2 d4 28.
Qd3 Qe5 29. e4 Nd7 30. Qa6 Ke7 31. Qb5 Qd6 32. Be2 Ne5 33. Qa6 Qc6 34. Bd3 g6
35. fxg6 Nxg6 36. Qa7+ Kf8 37. Qb8+ Kg7 38. g4 Qf6 39. Qg3 Qg5 40. h3 Qd2+ 41.
Kg1 Nf4 42. Qf3 Qe3+ 43. Qxe3 dxe3 44. e5 Nxh3+ 45. Kg2 Ng5 46. Kg3 f6 47. exf6+
Kxf6 48. Kf4 Nf7 49. Kxe3 Kg5 50. Ke4 Kxg4 51. Be2+ Kg3 52. Kd5 Kf2 53. Bh5 Nd8
54. Kd6 Ke3 55. Kc7 Ne6+ 56. Kxb6 Kd2 57. Bg6 Nd4 58. Kxa5 Nxc2 59. Kb6 Nb4 60.
Kxc5 Kc3 61. Bf7 h5 62. a5 h4 63. Be6 h3 64. Bxh3 Kxb3 65. Kb5 Kc3 66. Be6 Nc2
67. a6 Nd4+ 68. Kb6 1-0

[Event "DRUZYNOWE MISTRZOSTWA POLSKI - I LIGA"]
[Site "Ustron"]
[Date "1899-12-30"]
[Round "8.1"]
[White "Kolago, Marcin"]
[Black "Cukrowski, Filip"]
[Result "1/2-1/2"]
[WhiteTitle "m"]
[BlackTitle "FM"]
[WhiteElo "2342"]
[BlackElo "2406"]

1. c4 Nf6 2. g3 g6 3. Bg2 Bg7 4. Nc3 O-O 5. e4 d6 6. Nge2 c5 7. O-O Nc6 8. Rb1
Bd7 9. d3 Ne8 10. f4 f5 11. Be3 Nd4 12. b4 b6 13. exf5 Nxf5 14. Bf2 Rc8 15. b5
Nc7 16. Qd2 Be6 17. g4 Nd4 18. Nxd4 cxd4 19. Ne2 d5 20. f5 gxf5 21. gxf5 Bxf5
22. cxd5 e5 23. dxe6 Nxe6 24. Rb4 Qd6 25. Bg3 Qe7 26. a3 h5 27. Bf2 Rcd8 28. Ng3
Bg6 29. Be4 Bxe4 1/2-1/2

[Event "DRUZYNOWE MISTRZOSTWA POLSKI - I LIGA"]
[Site "Ustron"]
[Date "1899-12-30"]
[Round "8.2"]
[White "Pacan-milej, Kosma"]
[Black "Wiewiora, Eneasz"]
[Result "1-0"]
[WhiteTitle "FM"]
[BlackTitle "FM"]
[WhiteElo "2420"]
[BlackElo "2346"]

1. d4 Nf6 2. c4 e6 3. Nc3 d5 4. cxd5 exd5 5. Bg5 Nbd7 6. e3 c6 7. Bd3 Be7 8. Qc2
Nh5 9. Bxe7 Qxe7 10. O-O-O Nb6 11. h3 g6 12. Nf3 Be6 13. Kb1 O-O-O 14. Na4 Nxa4
15. Qxa4 Kb8 16. Rc1 Rc8 17. Rc3 Rc7 18. Rhc1 Bd7 19. Ra3 b5 20. Qa5 Rhc8 21.
Rb3 Ka8 22. Rxb5 Bxh3 23. Rbc5 Bxg2 24. Ne5 Be4 25. Bxe4 dxe4 26. Nxc6 Qd6 27.
Nxa7 1-0

[Event "DRUZYNOWE MISTRZOSTWA POLSKI - I LIGA"]
[Site "Ustron"]
[Date "1899-12-30"]
[Round "8.3"]
[White "Zezulkin, Jurij"]
[Black "Licznerski, Lukasz"]
[Result "1-0"]
[WhiteTitle "GM"]
[BlackTitle "FM"]
[WhiteElo "2410"]
[BlackElo "2377"]

1. e4 c5 2. Nf3 Nc6 3. Nc3 g6 4. d4 cxd4 5. Nxd4 Bg7 6. Be3 Nf6 7. Bc4 O-O 8. Bb3
Re8 9. h3 d6 10. O-O Na5 11. f4 b6 12. e5 Nxb3 13. axb3 dxe5 14. Ndb5 Nh5 15.
Qf3 e4 16. Qxe4 Bf5 17. Qf3 Bxc2 18. g4 Bxc3 19. bxc3 Nf6 20. Nxa7 Bxb3 21. Nc6
Bd5 22. Nxd8 Bxf3 23. Rxa8 Bxa8 24. Bxb6 Nd5 25. Ba5 Nxc3 26. Nxf7 Ne2+ 27. Kf2
Nxf4 28. Kg3 e5 29. Nh6+ Kg7 30. g5 Bd5 31. Bc7 Ne2+ 32. Kh4 Nd4 33. Rd1 Nf3+
34. Kg4 Bc6 35. Rd6 Nd4 36. Bb6 Bf3+ 37. Kg3 Be4 38. Rd7+ Kh8 39. Rxd4 1-0

[Event "DRUZYNOWE MISTRZOSTWA POLSKI - I LIGA"]
[Site "Ustron"]
[Date "1899-12-30"]
[Round "8.4"]
[White "Godzwon, Iwo"]
[Black "Rawicz, Karol"]
[Result "1-0"]
[WhiteTitle "FM"]
[BlackTitle "FM"]
[WhiteElo "2317"]
[BlackElo "2225"]

1. e4 d5 2. exd5 Qxd5 3. Nc3 Qa5 4. d4 Nf6 5. Bd2 Qb6 6. Nf3 Bg4 7. h3 Bxf3 8.
Qxf3 c6 9. O-O-O e6 10. g4 Nbd7 11. g5 Nd5 12. Nxd5 cxd5 13. c3 Rc8 14. Kb1 Qc6
15. h4 g6 16. h5 Bg7 17. Bd3 Rg8 18. Rde1 Nb6 19. b3 Rc7 20. hxg6 hxg6 21. Rh7
Nc8 22. Rc1 b5 23. Bf4 Rb7 24. Rch1 Bf8 25. Be5 Nb6 26. Rh8 Rxh8 27. Rxh8 Nd7
28. Bg7 Qd6 29. Bh6 Qh2 30. Kb2 b4 31. c4 Qd6 32. c5 Qc7 33. Bxg6 Nxc5 34. Rxf8+
1-0

[Event "DRUZYNOWE MISTRZOSTWA POLSKI - I LIGA"]
[Site "Ustron"]
[Date "1899-12-30"]
[Round "8.5"]
[White "Klepek, Witold"]
[Black "Kowalczyk, Pawel"]
[Result "0-1"]
[WhiteTitle "k++"]
[BlackTitle "m"]
[WhiteElo "2159"]
[BlackElo "2339"]

1. e4 c5 2. Nf3 e6 3. d4 cxd4 4. Nxd4 Nf6 5. Nc3 d6 6. g4 h6 7. h3 a6 8. Be3 b5
9. a3 Bb7 10. Bg2 Nbd7 11. Qe2 Nc5 12. O-O-O Rc8 13. Rhe1 Qa5 14. Bd2 Qc7 15.
g5 hxg5 16. Bxg5 Be7 17. f4 Nh5 18. Nd5 Bxd5 19. exd5 Bxg5 20. fxg5 e5 21. Qg4
Nb3+ 22. Kb1 Nxd4 23. Rxd4 Qxc2+ 24. Ka1 Qc7 25. Rd2 Qd7 26. Qh4 g6 27. Bf3 Rc4
28. Bg4 Qc7 29. Qf2 Nf4 30. Ka2 O-O 31. h4 Qc5 32. Qh2 Rd4 33. Rxd4 Qxd4 34. Rd1
Qc4+ 35. b3 Qe4 36. h5 gxh5 37. Rh1 Kg7 38. Bd7 Qxd5 39. Rg1 Qe4 0-1

[Event "DRUZYNOWE MISTRZOSTWA POLSKI - I LIGA"]
[Site "Ustron"]
[Date "1899-12-30"]
[Round "8.6"]
[White "Starosta, Martyna"]
[Black "Marcinczyk, Monika"]
[Result "0-1"]
[WhiteTitle "WCM"]
[BlackTitle "WCM"]
[WhiteElo "2038"]
[BlackElo "1934"]

1. e4 c5 2. Nf3 Nc6 3. d4 cxd4 4. Nxd4 g6 5. c4 Bg7 6. Be3 Nf6 7. Nc3 O-O 8. Be2
d6 9. f3 Bd7 10. Qd2 Nxd4 11. Bxd4 a5 12. g4 Bc6 13. O-O-O Qc7 14. Kb1 Rfd8 15.
Qe3 Rd7 16. h4 e6 17. Bb6 Qc8 18. h5 Ne8 19. hxg6 fxg6 20. c5 dxc5 21. Qxc5 Nf6
22. Bc4 Qe8 23. Bxa5 b5 24. Bb3 Rxa5 25. e5 Bxf3 26. exf6 Rxd1+ 27. Rxd1 Bxd1
28. Qc7 Bxf6 29. Ne4 Bd8 30. Bxe6+ Qxe6 31. Qxd8+ Kg7 32. Qd4+ Kf8 33. Qh8+ Qg8
34. Qf6+ Qf7 35. Qh8+ Ke7 36. Qe5+ Qe6 37. Qg7+ Kd8 38. Qd4+ Kc7 39. Qc5+ Qc6
40. Qe5+ Kb7 41. Qe7+ Kb6 42. Qd8+ Ka6 43. Nc5+ Qxc5 44. Qa8+ Kb6 45. Qb8+ Kc6
46. Qe8+ Kb7 47. Qd7+ Qc7 48. Qd5+ Qc6 49. Qf7+ Ka6 0-1

[Event "DRUZYNOWE MISTRZOSTWA POLSKI - I LIGA"]
[Site "Ustron"]
[Date "1899-12-30"]
[Round "8.7"]
[White "Szpar, Milosz"]
[Black "Szwed, Jacek"]
[Result "1-0"]
[WhiteTitle "FM"]
[BlackTitle "FM"]
[WhiteElo "2397"]
[BlackElo "2380"]

1. e4 e6 2. f4 d5 3. e5 c5 4. Nf3 Nc6 5. c3 Nge7 6. Na3 Nf5 7. Nc2 Bd7 8. Bd3 g6
9. O-O h5 10. Bxf5 gxf5 11. d4 cxd4 12. Ncxd4 Nxd4 13. Nxd4 Qb6 14. Rf2 Qa6 15.
a4 Qc4 16. Rf3 Be7 17. Rh3 h4 18. b3 Qa6 19. Be3 Rg8 20. Qe1 Qd3 21. Kh1 Rc8 22.
Bd2 Qe4 23. Qf1 Bc5 24. Re1 Bxd4 25. Rxe4 dxe4 26. cxd4 e3 27. Rxe3 Bc6 28. Rc3
h3 29. Rxh3 Bxg2+ 30. Qxg2 Rxg2 31. Kxg2 1-0

[Event "DRUZYNOWE MISTRZOSTWA POLSKI - I LIGA"]
[Site "Ustron"]
[Date "1899-12-30"]
[Round "8.8"]
[White "Zylka, Stanislaw"]
[Black "Mis, Mieszko"]
[Result "1-0"]
[WhiteTitle "FM"]
[BlackTitle "FM"]
[WhiteElo "2377"]
[BlackElo "2350"]

1. d4 Nf6 2. Nf3 e6 3. g3 d5 4. c4 dxc4 5. Bg2 Bb4+ 6. Bd2 c5 7. O-O O-O 8. dxc5
Bxc5 9. Qc2 Nbd7 10. a4 Qc7 11. Na3 Bxa3 12. Rxa3 b6 13. Bf4 Qc5 14. Ng5 Ba6 15.
Bxa8 Rxa8 16. Rd1 e5 17. Rxd7 exf4 18. Ne4 Qc6 19. Nxf6+ Qxf6 20. Qe4 Rf8 21.
Qxf4 Qxb2 22. Rf3 Qb1+ 23. Kg2 Qg6 24. Rxa7 b5 25. Qf5 b4 26. Qa5 Bc8 27. Qxb4
Qe4 28. h3 Be6 29. Rb7 Qe5 30. Re3 Qd5+ 31. f3 Qf5 32. g4 Qf4 33. Re4 Qc1 34.
Rb8 Bc8 35. Qxf8+ Kxf8 36. Rxc8# 1-0

[Event "DRUZYNOWE MISTRZOSTWA POLSKI - I LIGA"]
[Site "Ustron"]
[Date "1899-12-30"]
[Round "8.9"]
[White "Kozak, Antoni"]
[Black "Koziol, Kamil"]
[Result "1-0"]
[WhiteTitle "m"]
[BlackTitle "FM"]
[WhiteElo "2347"]
[BlackElo "2296"]

1. e4 c5 2. Be2 Nc6 3. f4 g6 4. Nf3 Bg7 5. c3 d5 6. d3 e6 7. Be3 d4 8. Bf2 Nge7
9. O-O b6 10. Qa4 dxc3 11. bxc3 O-O 12. d4 cxd4 13. cxd4 Bb7 14. Nc3 Qd7 15. Rfd1
Rfd8 16. Rac1 Na5 17. Qb4 Rac8 18. Qb1 Bc6 19. Ne5 Qb7 20. Bf3 Be8 21. d5 Nc4
22. Nxc4 Rxc4 23. Qb3 Rdc8 24. e5 Rxf4 25. dxe6 Rxf3 26. gxf3 Bxe5 27. Ne4 Rxc1
28. Rxc1 f5 29. Bg3 Bd4+ 30. Nf2 Bc6 31. Bh4 Bxf3 32. Bxe7 Bh1 33. Qh3 Qxe7 34.
Kxh1 Bxf2 35. Rc8+ Kg7 36. Qc3+ Kh6 37. Qd2+ g5 38. Rc6 Bc5 39. h4 f4 40. Qd7
Kg6 41. Rc7 Qd6 42. Qf7+ Kh6 43. Qxh7# 1-0

[Event "DRUZYNOWE MISTRZOSTWA POLSKI - I LIGA"]
[Site "Ustron"]
[Date "1899-12-30"]
[Round "8.10"]
[White "Nowak, Mikolaj"]
[Black "Chyzy, Jakub"]
[Result "1-0"]
[WhiteTitle "k"]
[BlackTitle "FM"]
[WhiteElo "2279"]
[BlackElo "2249"]

1. Nf3 d5 2. e3 c5 3. Bb5+ Bd7 4. Qe2 a6 5. Bxd7+ Nxd7 6. d3 e5 7. e4 d4 8. a4
b5 9. O-O Bd6 10. Na3 Rb8 11. axb5 axb5 12. c4 dxc3 13. bxc3 Ne7 14. d4 c4 15.
Rd1 Qc7 16. Rb1 Qa5 17. Rxb5 Qa6 18. Rxb8+ Bxb8 19. Qxc4 Qxc4 20. Nxc4 Ng6 21.
Ba3 f6 22. g3 Kf7 23. dxe5 Ndxe5 24. Ncxe5+ Nxe5 25. Nxe5+ Bxe5 26. Rd7+ Kg6 27.
Bb4 Rc8 28. Rd3 Rc4 29. f3 h5 30. Kf2 Bc7 31. Rd7 Bb6+ 32. Ke2 Bg1 33. h3 Bh2
34. g4 h4 35. Kd3 Rc8 36. c4 Rb8 37. Bd2 Rb3+ 38. Ke2 Rb2 39. c5 Bf4 40. c6 Be5
41. Kd1 Rb1+ 42. Ke2 Rb2 43. Ke3 Rc2 44. f4 Bb8 45. f5+ Kh7 46. g5 fxg5 47. Kf3
Rxc6 48. Bxg5 Be5 49. Kg4 Kg8 50. Re7 Bc7 51. Kxh4 Kf8 52. Kh5 Bg3 53. h4 Bf2
54. e5 Rc5 55. Kg6 Bd4 56. e6 Rc8 57. Rd7 Ke8 1-0